| 000 | 00953nam a2200253Ia 4500 | ||
|---|---|---|---|
| 003 | GCL | ||
| 008 | 140319s9999 xx 000 0 ara d | ||
| 020 | _a5080829953 | ||
| 040 |
_aGCL / _cGCL |
||
| 082 | 0 | 4 |
_a303.482 _bم م |
| 100 | 1 | _aمحمد سعدى | |
| 245 | 1 | 0 |
_aمستقبل العلاقات الدولية : _bمن صراع الحضارات الى انسنة الحضارة وثقافة السلام / _cمحمد سعدى |
| 250 | _aالاولى | ||
| 260 |
_aبيروت : _bمركز دراسات الوحدة العربية ، _c2006 |
||
| 300 |
_a414 ص ؛ _c24 سم |
||
| 490 |
_aسلسلة اطروحات الدكتوراة _v58 |
||
| 650 | 0 | 4 | _aالحرب الباردة |
| 650 | 0 | 4 | _aالتقدم الحضارى |
| 650 | 0 | 4 | _aالاتصال الثقافى |
| 650 | 0 | 4 | _aصدام الحضارات |
| 650 | 0 | 4 | _aصدام الحضارات - العولمة |
| 650 | 0 | 4 | _aاحداث 11 سبتمبر - نتائج |
| 942 |
_2ddc _cBK |
||
| 999 |
_c8922 _d8922 |
||